000 00379nam a2200145Ia 4500
008 231019s9999 xx 000 0 und d
020 _a978-1-84710-556-1
082 _a657.076
_bLYN-A
100 _aFoulks Lynch
245 0 _aACCA Paper F1 Accountant in Business Exam Kit 2009
260 _aUK
_bKaplan Publishing
_c2009
300 _a120
650 _aAccounting
999 _c34567
_d34567